000
00285nam a2200109Ia 4500
008
171211s9999 xx 000 0 und d
245
_a
HTML5 Media
245
_c
Shelley Powers
260
_c
2011
650
_x
Web Development
856
_u
http://down.ebook777.com/016/HTML5%20Media.pdf
999
_c
350057
_d
350057